Five Letter Geography - C - Statistics

General Stats
  • This quiz has been taken 80 times
  • The average score is 8 of 10
Answer Stats
Hint Answer % Correct
Capital of Egypt Cairo
99%
What the Suez is Canal
97%
Tallest country vertically Chile
93%
Republic of the _____ Congo
87%
Water borderline Coast
84%
Steep rocky face near water Cliff
83%
Highest CO2 emitter China
73%
Outer layer of the Earth Crust
71%
Indian food eaten with bread Curry
65%
Natural stream smaller than a river Creek
59%
No matching quizzes found
Score Distribution
Percent of People with Each Score
Percentile by Number Answered
Your Score History
You have not taken this quiz